| 000 | 02742nam a22002417a 4500 | ||
|---|---|---|---|
| 003 | MN-UlNLM | ||
| 005 | 20220418163032.0 | ||
| 008 | 171113t2017 mp ||||| |||| 00| 0 mon d | ||
| 020 | _a978-99978-60-20-0 | ||
| 040 | _aМонгол Улсын Үндэсний номын сан | ||
| 084 |
_2NNA _a85.33 _bС 331 _q85 |
||
| 100 | 1 | _aСарангэрэл Н. Ба бус | |
| 245 | 1 |
_aАлтан үе _b''Бөмбөгөр ногоон''-ынхон _cРед. С. Туяа |
|
| 260 | 1 |
_aУБ _bЖиком пресс _c2017 |
|
| 300 | _a260х | ||
| 546 | _aMongolia | ||
| 653 |
_aУрлаг. _aТеатр. _aТеатрын түүх. |
||
| 700 | 1 | _aН.Сарангэрэл, С.Туяа, Ц.Энхмаа | |
| 740 |
_aМялаалга үг. _a''Бөмбөгөр ногоон''-ы түүх. _a''Бөмбөгөр ногоон'' _aАлтан үеийнхэн. _aХөгжмийн урлагийн бурхад. _aЖаран жил үерхсэн найзууд. _a''Бөмбөгөр ногоон''-ы дэггүй шанзчид. _aМонголын зохиолчдын анхны үнэмлэхний эзэд. _aТеатраас уяатай хоёр. _aБид жүжигчид гэж дархлагдаж явсангүй. _aӨгөө аваатай явсан үетэнгийн арслангууд. _aХөгжмөөр ханьссан найзууд. _aЦусан тангарагтай дуучин охид. _a''Тунгалаг тамир''-ын тулах хоёр багана. _aУрлагийн сүмийн гэгээ. _aЗүрхний минь гоолингоо. _aТөрд хэрэгтэй зайран. _a''Байцаагч түшмэл''-ээр түүчээлсэн найруулагчийн замнал. _aБурхдад өргөх сэтгэлийн зул. _aМанай эно. _aТүдэв хуурчийн гарын шавь. _aШадар гурван шанзчины нэг. _aАав бид хоёр нэг ангийнх. _aБурхад заларсан тайзнаа ижийтэйгээ уулзлаа. _aДорнын гайхамшигт хөгжимчин. _a''Цаг төрийн үймээн'' бидний амьдралыг өөрчилжээ. _aН.Эрдэнэ: Аавыгаа жинхэнэ од байсаныг ойлгосон. _aХоролмаад дурласан В.Сүрэнхорлоо. _aНямын багш. _aТайз дэлгэцийг тэнцүүхэн эзэгнэсэн Сангижавын Гэндэн. _aАнхны жүжгээ маршлаар үнэлүүлсэн зохиолч. _a''Бөмбөгөр ногоон''-оос эхэлсэн хөгжимчдын амьдрал. _a''Бөмбөгөр ногоон''-ы тайзнаа тоглосон жүжгүүд. |
||
| 856 | _aprintbook | ||
| 942 | _cBK | ||
| 999 |
_c79783 _d79840 |
||